Generation IV Pokémon (Sinnoh) - Statistics

General Stats
  • This quiz has been taken 3,517 times
    3,516 since last reset
  • The average score is 72 of 107
Answer Stats
Hint Answer % Correct
393 Water Piplup
97%
390 Fire Chimchar
96%
392 Fire/Fighting Infernape
96%
387 Grass Turtwig
96%
395 Water/Steel Empoleon
95%
389 Grass/Ground Torterra
95%
396 Normal/Flying Starly
94%
398 Normal/Flying Staraptor
93%
391 Fire/Fighting Monferno
92%
394 Water Prinplup
92%
397 Normal/Flying Staravia
92%
484 Water/Dragon Palkia
90%
483 Steel/Dragon Dialga
89%
388 Grass Grotle
89%
399 Normal Bidoof
87%
405 Electric Luxray
87%
403 Electric Shinx
87%
487 Ghost/Dragon Giratina
86%
404 Electric Luxio
85%
491 Dark Darkrai
84%
400 Normal/Water Bibarel
83%
445 Dragon/Ground Garchomp
83%
443 Dragon/Ground Gible
83%
493 Normal Arceus
82%
444 Dragon/Ground Gabite
80%
407 Grass/Poison Roserade
80%
492 Grass(/Flying) Shaymin
80%
406 Grass/Poison Budew
78%
467 Fire Magmortar
78%
485 Fire/Steel Heatran
77%
448 Fighting/Steel Lucario
76%
460 Grass/Ice Abomasnow
75%
466 Electric Electivire
74%
490 Water Manaphy
74%
479 Electric/Ghost Rotom
74%
408 Rock Cranidos
73%
478 Ice/Ghost Froslass
73%
409 Rock Rampardos
73%
447 Fighting Riolu
73%
482 Psychic Azelf
72%
488 Psychic Cresselia
72%
481 Psychic Mesprit
72%
480 Psychic Uxie
72%
411 Rock/Steel Bastiodon
71%
412 Bug Burmy
70%
419 Water Floatzel
70%
489 Water Phione
70%
410 Rock/Steel Shieldon
70%
459 Grass/Ice Snover
70%
461 Dark/Ice Weavile
70%
418 Water Buizel
69%
401 Bug Kricketot
69%
402 Bug Kricketune
69%
442 Ghost/Dark Spiritomb
69%
454 Poison/Fighting Toxicroak
69%
413 Bug/Grass,Ground,Steel Wormadam
69%
453 Poison/Fighting Croagunk
68%
468 Fairy/Flying Togekiss
68%
473 Ice/Ground Mamoswine
67%
475 Psychic/Fighting Gallade
66%
425 Ghost/Flying Drifloon
65%
430 Dark/Flying Honchkrow
65%
429 Ghost Mismagius
65%
426 Ghost/Flying Drifblim
64%
486 Normal Regigigas
64%
437 Steel/Psychic Bronzong
63%
472 Ground/Flying Gliscor
63%
462 Electric/Steel Magnezone
63%
436 Steel/Psychic Bronzor
62%
452 Poison/Dark Drapion
62%
471 Ice Glaceon
62%
470 Grass Leafeon
61%
414 Bug/Flying Mothim
61%
464 Ground/Rock Rhyperior
61%
451 Poison/Bug Skorupi
60%
423 Water/Ground Gastrodon
59%
417 Electric Pachirisu
59%
422 Water Shellos
58%
415 Bug/Flying Combee
57%
477 Ghost Dusknoir
57%
469 Bug/Flying Yanmega
57%
434 Poison/Dark Stunky
56%
416 Bug/Flying Vespiquen
56%
435 Poison/Dark Skuntank
55%
450 Ground Hippowdon
52%
465 Grass Tangrowth
52%
449 Ground Hippopotas
50%
432 Normal Purugly
50%
431 Normal Glameow
49%
446 Normal Munchlax
47%
420 Grass Cherubi
46%
439 Psychic/Fairy Mime Jr.
46%
438 Rock Bonsly
45%
440 Normal Happiny
45%
421 Grass Cherrim
44%
476 Rock/Steel Probopass
44%
458 Water/Flying Mantyke
43%
456 Water Finneon
42%
457 Water Lumineon
42%
455 Grass Carnivine
41%
463 Normal Lickilicky
41%
427 Normal Buneary
40%
428 Normal Lopunny
40%
433 Psychic Chingling
39%
441 Normal/Flying Chatot
37%
474 Normal Porygon-Z
37%
424 Normal Ambipom
36%
No matching quizzes found
Score Distribution
Percent of People with Each Score
Percentile by Number Answered
Your Score History
You have not taken this quiz since the last reset